000 00723nam a2200205Ia 4500
001 3871
003 AR-BaAGN
005 20250115124849.0
007 ta
008 211213s1937 ag |||||||||||||| ||spa d
040 _dAR-BaAGN
_aAR-BaAGN
_bspa
_eaacr
100 1 _aNoble, Roberto Jorge,
_d1902-1969
_98916
245 1 0 _aReorganización y saneamiento de la Policía de la Provincia de Buenos Aires :
_bdiscurso del Ministro de Gobierno al poner en posesión del cargo al jefe actual de la repartición /
_cRoberto Jorge Noble.
260 _aLa Plata :
_bTaller de Impresiones Oficiales,
_c1937.
300 _a68 páginas
336 _2rdacontent
_btxt
337 _2rdamedia
_bn
338 _2rdacarrier
_bnc
942 _cLIBRO
_2ddc
999 _c3871
_d3871